[Event "Berliner Sommer 12th"]
[Site "Berlin"]
[Date "1994.??.??"]
[Round "?"]
[White "Roy Chowdhury, Saptarshi"]
[Black "Wolski, Thomas"]
[Result "0-1"]
[WhiteElo "2050"]
[BlackElo "2325"]
[PlyCount "104"]
[EventDate "1994.08.??"]
[EventType "swiss"]
[EventRounds "9"]
[EventCountry "GER"]
[SourceTitle "EXT 1997"]
[Source "ChessBase"]
[SourceDate "1996.11.15"]
[SourceVersion "1"]
[SourceVersionDate "1996.11.15"]
[SourceQuality "1"]

1. e4 c5 2. Nf3 d6 3. d4 cxd4 4. Nxd4 Nf6 5. Nc3 a6 6. Be2 e6 7. 0-0 Qc7 8. f4 b5 9. Bf3 Bb7 10. e5 dxe5 11. fxe5 Nfd7 12. Bxb7 Qxb7 13. Bf4 Bc5 14. Kh1 0-0 15. Nb3 Be7 16. Qg4 Rd8 17. Rf3 b4 18. Ne2 Nc6 19. Rg3 Nf8 20. h4 Qb5 21. Re3 a5 22. h5 a4 23. Bh6 g6 24. hxg6 Nxg6 25. Nbc1 Rd1+ 26. Kh2 Rad8 27. a3 Ncxe5 28. axb4 Nc4 29. Rd3 R8xd3 30. cxd3 Nxb2 31. Qf3 Nxd3 32. Ra3 Nde5 33. Qa8+ Rd8 34. Qe4 Qxb4 35. Qxb4 Bxb4 36. Rxa4 Bd6 37. Kh1 Bf8 38. Bg5 Rd1+ 39. Kh2 h6 40. Bf6 Rf1 41. Bxe5 Nxe5 42. Nb3 Bd6 43. Kh3 Nf3 44. g3 Rf2 45. Nbd4 Ng5+ 46. Kg4 f5+ 47. Kh5 Kg7 48. Nb5 Nf3 49. Nxd6 Rh2+ 50. Rh4 Nxh4 51. gxh4 Rxe2 52. Nxf5+ Kh7 0-1